Includes bibliographies (Record no. 15375)

000 -LEADER
fixed length control field 00588nam a22002171 4500
001 - CONTROL NUMBER
control field 15375
003 - CONTROL NUMBER IDENTIFIER
control field BD-DhUET
008 - FIXED-LENGTH DATA ELEMENTS--GENERAL INFORMATION
fixed length control field 731030m19621966njua b 000 0 eng
040 ## - CATALOGING SOURCE
Original cataloging agency DLC
Transcribing agency DLC
Modifying agency BD-DhUET
082 00 - DEWEY DECIMAL CLASSIFICATION NUMBER
Classification number 543
Item number FUR/1966
100 ## - MAIN ENTRY--PERSONAL NAME
Personal name Furman, N. Howell
245 00 - TITLE STATEMENT
Title Includes bibliographies
250 ## - EDITION STATEMENT
Edition statement 6th ed.
260 ## - PUBLICATION, DISTRIBUTION, ETC. (IMPRINT)
Place of publication, distribution, etc. New York
Name of publisher, distributor, etc. Van Nostrand Reinhold
Date of publication, distribution, etc. 1966
300 ## - PHYSICAL DESCRIPTION
Extent xi, (975-2018)p.
Other physical details ill.
500 ## - GENERAL NOTE
General note Vol.3 (Instrumental methods)
Part. B
504 ## - BIBLIOGRAPHY, ETC. NOTE
Bibliography, etc Includes bibliographies
650 #0 - SUBJECT ADDED ENTRY--TOPICAL TERM
Topical term or geographic name as entry element Chemistry, Analytic
700 ## - ADDED ENTRY--PERSONAL NAME
Personal name Welcher, Frank J.
942 ## - ADDED ENTRY ELEMENTS (KOHA)
Koha item type Edited Book
Holdings
Lost status Copy number Damaged status Location (home branch) Koha item type Piece designation (barcode) Date acquired Koha date last seen Koha full call number Price effective from Not for loan Sublocation or collection (holding branch) Source of classification or shelving scheme Withdrawn status Shelving location Koha normalized classification for sorting
 1 Central Library, BUETEdited Book288182015-03-122015-03-12543/FUR/19662015-03-12 Central Library, BUET  Circulation section543_000000000000000_FUR_1966
 2 Central Library, BUETEdited Book288282015-03-122015-03-12543/FUR/19662015-03-12 Central Library, BUET  Circulation section543_000000000000000_FUR_1966
 4 Central Library, BUETEdited Book288362015-03-122015-03-12543/FUR/19662015-03-12 Central Library, BUET  Circulation section543_000000000000000_FUR_1966
 5 Central Library, BUETEdited Book288312015-03-122015-03-12543/FUR/19662015-03-12 Central Library, BUET  Circulation section543_000000000000000_FUR_1966
 6 Central Library, BUETEdited Book388942015-03-122015-03-12543/FUR/19662015-03-12 Central Library, BUET  Circulation section543_000000000000000_FUR_1966
 7 Central Library, BUETEdited Book288272015-03-122018-02-20543/FUR/19662015-03-12 Central Library, BUET  Circulation section543_000000000000000_FUR_1966
 8 Central Library, BUETEdited Book288372015-03-122015-03-12543/FUR/19662015-03-12 Central Library, BUET  Circulation section543_000000000000000_FUR_1966
 9 Central Library, BUETEdited Book288262015-03-122015-03-12543/FUR/19662015-03-12 Central Library, BUET  Circulation section543_000000000000000_FUR_1966
 10 Central Library, BUETEdited Book288322015-03-122015-03-12543/FUR/19662015-03-12 Central Library, BUET  Circulation section543_000000000000000_FUR_1966